<?xml version="1.0" encoding="UTF-8"?><?xml-stylesheet type="text/xsl" href="static/style.xsl"?><OAI-PMH xmlns="http://www.openarchives.org/OAI/2.0/" xmlns:xsi="http://www.w3.org/2001/XMLSchema-instance" xsi:schemaLocation="http://www.openarchives.org/OAI/2.0/ http://www.openarchives.org/OAI/2.0/OAI-PMH.xsd"><responseDate>2026-04-13T03:00:57Z</responseDate><request verb="GetRecord" identifier="oai:www.recercat.cat:10459.1/57211" metadataPrefix="marc">https://recercat.cat/oai/request</request><GetRecord><record><header><identifier>oai:recercat.cat:10459.1/57211</identifier><datestamp>2024-12-05T22:12:02Z</datestamp><setSpec>com_2072_3622</setSpec><setSpec>col_2072_479130</setSpec></header><metadata><record xmlns="http://www.loc.gov/MARC21/slim" xmlns:dcterms="http://purl.org/dc/terms/" xmlns:xsi="http://www.w3.org/2001/XMLSchema-instance" xmlns:doc="http://www.lyncode.com/xoai" xsi:schemaLocation="http://www.loc.gov/MARC21/slim http://www.loc.gov/standards/marcxml/schema/MARC21slim.xsd">
   <leader>00925njm 22002777a 4500</leader>
   <datafield ind2=" " ind1=" " tag="042">
      <subfield code="a">dc</subfield>
   </datafield>
   <datafield ind2=" " ind1=" " tag="720">
      <subfield code="a">Gutiérrez, Andrea</subfield>
      <subfield code="e">author</subfield>
   </datafield>
   <datafield ind2=" " ind1=" " tag="720">
      <subfield code="a">Ushak, Svetlana</subfield>
      <subfield code="e">author</subfield>
   </datafield>
   <datafield ind2=" " ind1=" " tag="720">
      <subfield code="a">Galleguillos, Hector</subfield>
      <subfield code="e">author</subfield>
   </datafield>
   <datafield ind2=" " ind1=" " tag="720">
      <subfield code="a">Fernández, Ángel G.</subfield>
      <subfield code="e">author</subfield>
   </datafield>
   <datafield ind2=" " ind1=" " tag="720">
      <subfield code="a">Cabeza, Luisa F.</subfield>
      <subfield code="e">author</subfield>
   </datafield>
   <datafield ind2=" " ind1=" " tag="720">
      <subfield code="a">Grágeda, Mario</subfield>
      <subfield code="e">author</subfield>
   </datafield>
   <datafield ind2=" " ind1=" " tag="260">
      <subfield code="c">2016-06-16T07:36:21Z</subfield>
   </datafield>
   <datafield ind2=" " ind1=" " tag="260">
      <subfield code="c">2025-01-01</subfield>
   </datafield>
   <datafield ind2=" " ind1=" " tag="260">
      <subfield code="c">2015</subfield>
   </datafield>
   <datafield ind2=" " ind1=" " tag="520">
      <subfield code="a">Bischofite is a by-product of the non-metallic mining industry. It has been evaluated as phase change&#xd;
material in thermal energy storage, but it shows little cycling stability, therefore in this paper the mixture&#xd;
of bischofite with an additive was studied. Since polyethylene glycol (PEG) is a PCM itself, in this paper&#xd;
PEG (with different molecular weights) is used as additive in a PCM (bischofite) to improve its thermal&#xd;
behaviour. Results show that adding 5% PEG 2 000 to bischofite gives a more cycling stable PCM without&#xd;
affecting its melting temperature neither decreasing significantly its heat of fusion. This research shows&#xd;
that mixing an inorganic PCM with an organic additive can be a good option to improve the thermal&#xd;
performance of the PCM.</subfield>
   </datafield>
   <datafield ind2=" " ind1=" " tag="520">
      <subfield code="a">The authors would like to acknowledge the collaboration of the company SALMAG. The authors acknowledge to FONDECYT (grant N 1120422), CONICYT/FONDAP N 15110019, and the Education Ministry of Chile Grant PMI ANT 1201 for the financial support. This work was partially funded by the Spanish project ENE2011-22722. Dr. Luisa F. Cabeza would like to acknowledge the Generalitat de Catalunya for the quality recognition 2014-SGR-123. Andrea Gutierrez would like to acknowledge for her doctorate scholarships to the Education Ministry of Chile (ANT 1106) and CONICYT/PAI N7813110010.</subfield>
   </datafield>
   <datafield ind1="8" ind2=" " tag="024">
      <subfield code="a">http://hdl.handle.net/10459.1/57211</subfield>
   </datafield>
   <datafield tag="653" ind2=" " ind1=" ">
      <subfield code="a">Bischofite</subfield>
   </datafield>
   <datafield tag="653" ind2=" " ind1=" ">
      <subfield code="a">Phase change material (PCM)</subfield>
   </datafield>
   <datafield tag="653" ind2=" " ind1=" ">
      <subfield code="a">Latent heat</subfield>
   </datafield>
   <datafield tag="653" ind2=" " ind1=" ">
      <subfield code="a">Thermal energy storage (TES)</subfield>
   </datafield>
   <datafield ind2="0" ind1="0" tag="245">
      <subfield code="a">Use of polyethylene glycol for the improvement of the cycling stability of bischofite as thermal energy storage material</subfield>
   </datafield>
</record></metadata></record></GetRecord></OAI-PMH>